Magyarország Szomszédos Országai Sprint - Statistics

General Stats
  • This quiz has been taken 332 times
  • The average score is 5 of 7
Answer Stats
Célzás Answer % Correct
Kelet Románia
83%
Észak Szlovákia
83%
Észak-kelet Ukrajna
83%
Dél-Kelet Szerbia
76%
Nyugat Ausztria
73%
Dél-Nyugat Szlovénia
72%
Dél Horvátország
61%
No matching quizzes found
Score Distribution
Percent of People with Each Score
Percentile by Number Answered
Your Score History
You have not taken this quiz